000 00828nam a2200241Ia 4500
003 OSt
005 20220923213308.0
006 a|||||r|||| 00| 0
007 ta
008 220922b |||||||| |||| 00| 0 hin d
024 _a160,513
037 _cTextual
040 _aARTS
_cARTS
_bhin
041 _2hin
_ahin
082 _aO152:1F70:11, J3
100 _aचंदबरदाई
_9156277
245 0 _aरेवातट, सम्पा विपिन बिहारी त्रिवेदी
246 _aRevātaṭa, sampā0 vipin bihārī trivedī
260 _c1953
490 _aसेठ केशवदेव सेक्सरिया स्मारक ग्रंथमाला; 2
942 _hO152:1F70:11, J3
_cTEXL
_2CC
999 _c315260
_d315260